02066 a2200217 4500010001400000020002300014035001300037037001500050082001700065245012600082260003700208300002900245500002000274520138100294650004401675650002001719650003501739700002301774700002901797700002201826 aENG-86289 a8188965251c450.00 aEN-69822 bDBAD / PUB14a305.420917241 aEngendering human security :bfeminist perspectives /cedited by Thanh-Dam Truong, Saskia Wieringa [and] Amrita Chhachhi  aNew DelhibWomen Unlimitedc2006 axxx, 332 p.c23 cm. (Hb) aIncludes index. aGender questions in the human security framework : an introduction / Thanh-Dam Truong, Saskia Wieringa, and Amrita Chhachhi -- Seeking affirmation and rights in processes of transition and conflict transformation : experiences of women in Sri Lanka and Timor L'este (East Timor) / Sunila Abeysekara -- Reproductive rights and gender justice in the neoconservative shadow / Gita Sen -- Southside : gender power dynamics in Jamaica's ghetto trap / Imani Tafari-Ama -- Dutch pragmatism and prostitution : making sex work / Joyce Outshoorn -- Countering trafficking in women and children : a gender and human rights framework / Noeleen Heyzer -- The politics and culture of care : some issues in the Netherlands / Carla Risseeuw -- The globalisation of care service provision : a value chain approach / Rachel Kurian -- From state duty to women's virtue : care under liberalisation in Vietnam / Thanh-Dam Truong -- Globalisation, social movements, and feminism : coming together at the World Social Forum / Virginia Vargas -- Measuring women's empowerment : developing a global tool / Saskia Wieringa -- Eroding citizenship : gender, labour, and liberalisation in India / Amrita Chhachhi -- Plasticity of gender in social policy formulation / Pat Mohammed -- Engendering environmental studies and policies : a case study of the Nariva Swamp of Trinidad and Tobago / Rhoda Reddock. 0aWomenxSocial conditionsy21st century. 0aWomen's rights. 0aGlobalizationxSocial aspects.1 aTruong, Thanh-Dam.1 aWieringa, Saskia,d1950-1 aChhachhi, Amrita.